Statistics for 30 contestants in PRODUCE 48

Click here to take the quiz!

General Stats

  • This quiz has been taken 14 times
  • The average score is 22 of 30

Answer Stats

Answer% Correct
An Yujin
100%
Jang Wonyoung
100%
Choi Yena
92%
Honda Hitomi
92%
Huh Yunjin
92%
Kim Chaewon
92%
Lee Chaeyeon
92%
Miyawaki Sakura
92%
Kwon Eunbi
85%
Wang Yiren
85%
Yabuki Nako
85%
Han Chowon
77%
Jo Yuri
77%
Kang Hyewon
77%
Kim Minju
77%
Lee Gaeun
77%
Jang Gyuri
69%
Kim Sihyeon
69%
Na Goeun
69%
Miyazaki Miho
62%
Takahashi Juri
62%
Takeuchi Miyu
62%
Kim Doah
54%
Lee Sian
54%
Park Haeyoon
54%
Shiroma Miru
54%
Kim Nayoung
46%
Murase Sae
38%
Shitao Miu
38%
Goto Moe
31%

Score Distribution

Percentile by Number Answered

Percent of People with Each Score

Your Score History

You have not taken this quiz